|
|
|
|
| LEADER |
00568nam a2200145Ia 4500 |
| 008 |
161229s9999 xx 000 0 und d |
| 020 |
|
|
|a 0195645960
|
| 082 |
|
|
|a 333.7 GUH/NA
|
| 245 |
|
|
|a Nature's spokesman: M Krishnan and Indian wildlife
|
| 260 |
|
|
|b Oxford University Press
|a New Delhi
|c 2000
|
| 300 |
|
|
|a ix, 291
|
| 700 |
|
|
|a Guha, Ramachandra,ed.
|
| 942 |
|
|
|c BK
|
| 999 |
|
|
|c 154045
|d 154045
|
| 952 |
|
|
|0 0
|1 0
|4 0
|6 333_700000000000000_GUHNA
|7 0
|9 153119
|a KAUCLV
|b KAUCLV
|d 2016-12-29
|g 595.00
|o 333.7 GUH/NA
|p 905354
|r 2016-12-29
|w 2016-12-29
|y BK
|z Book transferred from CCBM Library ,Acc.No:9193
|